000 00573nam a22001577a 4500
003 OSt
005 20151006102055.0
008 151006b xxu||||| |||| 00| 0 eng d
040 _cRUA
082 _aAGR អ៊ុំ 1996 B017 Or.1
100 _92122
_aអ៊ុំ កន្និដ្ឋា
245 _aការកែច្នៃជ័រកៅស៊ូគ្រាប់ ពីទឹកជ័រ នៅក្រុមហ៊ុនចំការកៅស៊ូក្រែក,
260 _aphnom penh
_brua
_c1996
300 _a79p.
_bill.
_c29cm.
942 _2ddc
_cAGR
999 _c1996
_d1996